Maisie Peters - You Signed Up For This - Statistics

General Stats
  • This quiz has been taken 10 times
  • The average score is 10 of 17
Answer Stats
2021 You Signed Up For This % Correct
1 You Signed Up For This
100%
4 Outdoor Pool
89%
11 Elvis Song
78%
3 John Hughes Movie
78%
5 Love Him I Don't
78%
6 Psycho
78%
14 Tough Act
78%
13 Volcano
78%
2 I'm Trying (Not Friends)
67%
10 Brooklyn
56%
8 Hollow
56%
12 Talking To Strangers
56%
9 Villain
56%
7 Boy
44%
16 Favourite Ex
11%
15 Worst of You
11%
17 Feels Like This
0%
No matching quizzes found
Score Distribution
Percent of People with Each Score
Percentile by Number Answered
Your Score History
You have not taken this quiz